Music Quiz

Random Music or Bands Quiz

'80s Albums A-Z Quiz Stats

 Plays Quiz Updated Oct 27, 2015

Challenge
Share
Tweet
Score 0/24 Timer 05:00
2 Plays Today
% Correct
Born in the U.S.A
92.1%
Thriller
90.8%
The Joshua Tree
76.7%
Like a Virgin
76.6%
Appetite For Destruction
73.5%
Whitney
72.2%
Graceland
66.7%
Synchronicity
50.6%
Kill 'Em All
45.6%
Invisible Touch
44.7%
The Queen is Dead
35.2%
Combat Rock
32.6%
% Correct
Murmur
30.4%
The Number of the Beast
27.5%
Escape
26.3%
Paul's Boutique
25.1%
Violent Femmes
21.3%
Remain in Light
20.6%
Disintegration
20%
Hounds of Love
19.3%
Zen Arcade
12.6%
Fresh Fruit for Rotting....
11.7%
Ocean Rain
7.7%
You're Living All Over Me
7.5%

You're not logged in!

Compare scores with friends on all Sporcle quizzes.
Join for Free
OR
Log In

You Might Also Like...

Show Comments

Extras

Top Quizzes Today


Score Distribution

Your Account Isn't Verified!

In order to create a playlist on Sporcle, you need to verify the email address you used during registration. Go to your Sporcle Settings to finish the process.

Report this User

Report this user for behavior that violates our Community Guidelines.

Details: